|
|
|
|
| LEADER |
01411nam a2200325 a 4500 |
| 001 |
13314868 |
| 003 |
BD-DhAAL |
| 005 |
20240701162300.0 |
| 008 |
100110r2005 mauab b 001 0 eng d |
| 010 |
|
|
|a 2003061500
|
| 020 |
|
|
|a 0071111921
|
| 020 |
|
|
|a 0072941731 (annotated instructor's ed. : alk. paper)
|
| 040 |
|
|
|a DLC
|c DLC
|d DLC
|d BD-DhAAL
|
| 082 |
0 |
0 |
|a 301
|2 22
|
| 100 |
1 |
|
|a Schaefer, Richard T.
|
| 245 |
1 |
0 |
|a Sociology /
|c Richard T. Schaefer.
|
| 250 |
|
|
|a Ninth edition.
|
| 260 |
|
|
|a Boston :
|b McGraw-Hill,
|c c2005.
|
| 300 |
|
|
|a xli, 630 pages :
|b col. ill., maps ;
|c 29 cm.
|
| 500 |
|
|
|a "Annotated instructor's edition".
|
| 504 |
|
|
|a Includes bibliographical references (p. 558-589) and indexes.
|
| 541 |
1 |
|
|a Donation from the Asia Foundation/Savar Campus Library
|e 00015163
|
| 650 |
|
0 |
|a Sociology.
|
| 650 |
|
0 |
|a Social problems.
|
| 651 |
|
0 |
|a United States
|x Social policy.
|
| 852 |
4 |
|
|a Ayesha Abed Library
|j General Shelf.
|
| 942 |
|
|
|2 ddc
|c BK
|
| 999 |
|
|
|c 6853
|d 6853
|
| 952 |
|
|
|0 0
|1 4
|2 ddc
|4 0
|6 301_000000000000000_SCH
|7 0
|9 7064
|a BRACUL
|b BRACUL
|c GEN
|d 2010-01-11
|l 1
|o 301 SCH
|p 3010015163
|r 2010-04-25
|s 2010-04-25
|t 1
|w 2010-01-11
|y BK
|x Koha Inventory 2020
|
| 952 |
|
|
|0 0
|1 0
|2 ddc
|4 0
|6 301_000000000000000_SCH
|7 0
|9 75644
|a SCL
|b SCL
|c GEN
|d 2024-06-13
|e Donation from the Asia Foundation/ Savar Campus
|l 0
|o 301 SCH
|p 3020042694
|r 2024-06-13
|t 2
|w 2024-06-13
|y BK
|x Donation from the Asia Foundation/ Savar Campus
|